| 000 | 00668nam a2200181Ia 4500 | ||
|---|---|---|---|
| 008 | 090630s9999 xx 000 0 und d | ||
| 082 | _b27052 | ||
| 100 | _aतिबिले अनंत. | ||
| 245 |
_aभेटीलागी जीवा. _cतिबिले अनंत. |
||
| 260 |
_bनंदादीप बुक सर्व्हिसेस - सोलापूर. _c2005 |
||
| 300 | _a192 | ||
| 600 | _aतिबिले अनंत. | ||
| 630 | _aभेटीलागी जीवा. | ||
| 655 | _aकादंबरी. | ||
| 700 | _aतिबिले अनंत. | ||
| 730 | _aभेटीलागी जीवा. | ||
| 942 | _cBOOK | ||
| 999 |
_c278908 _d278908 |
||